| Tag |
First Indicator |
Second Indicator |
Subfields |
| LEADER |
00000cam a2200000 a 4500 |
| 001 |
in00000024773 |
| 005 |
20151007054409.0 |
| 008 |
870706s1988 ilua b 00110 eng |
| 010 |
|
|
|a 87018754
|
| 020 |
|
|
|a 0226699234 :
|c $29.00
|
| 035 |
|
|
|a (OCoLC)16406700
|
| 035 |
|
|
|9 AAB4931AM
|
| 040 |
|
|
|a DLC
|c DLC
|d TXA
|d UtOrBLW
|
| 043 |
|
|
|a n-us---
|a ew-----
|
| 049 |
|
|
|a TXAM
|c [A11502698]
|
| 050 |
0 |
0 |
|a HD7125
|b .Q46 1988
|
| 082 |
0 |
|
|a 368.4/00973
|2 19
|
| 100 |
1 |
|
|a Quadagno, Jill S.
|
| 245 |
1 |
4 |
|a The transformation of old age security :
|b class and politics in the American welfare state /
|c Jill Quadagno.
|
| 264 |
|
1 |
|a Chicago :
|b University of Chicago Press,
|c 1988.
|
| 300 |
|
|
|a xiii, 253 pages :
|b illustrations ;
|c 22 cm.
|
| 336 |
|
|
|a text
|b txt
|2 rdacontent
|
| 337 |
|
|
|a unmediated
|b n
|2 rdamedia
|
| 338 |
|
|
|a volume
|b nc
|2 rdacarrier
|
| 504 |
|
|
|a Bibliography: pages 229-246.
|
| 500 |
|
|
|a Includes index.
|
| 650 |
|
0 |
|a Social security
|z United States.
|
| 650 |
|
0 |
|a Social security
|z Europe.
|
| 650 |
|
0 |
|a Old age pensions
|z United States.
|
| 650 |
|
0 |
|a Old age pensions
|z Europe.
|
| 999 |
|
|
|a MARS
|
| 999 |
f |
f |
|s c265ee83-82e0-3d62-8c76-49f78d68f13a
|i 655fffed-eb0d-3e49-8d63-7e2f103eabbb
|t 0
|
| 952 |
f |
f |
|p ric
|a Texas A&M University
|b Rellis Campus
|c Joint Library Facility
|d Remote Storage
|t 0
|e HD7125 .Q46 1988
|h Library of Congress classification
|i unmediated -- volume
|m A14811502698
|
| 998 |
f |
f |
|a HD7125 .Q46 1988
|t 0
|l Remote Storage
|